| 000 | 00854nam a2200253 i 4500 | ||
|---|---|---|---|
| 001 | 146257 | ||
| 003 | ES-MaACL | ||
| 005 | 20230906201453.0 | ||
| 007 | t| | ||
| 008 | 070905s1975 sp ||||1| spa d | ||
| 080 | _a800.1 | ||
| 080 | _a82.08 | ||
| 100 | 1 |
_aTrabant, Jürgen. _9111201 |
|
| 245 | 1 | 0 |
_aSemiología de la obra literaria _b: glosemática y teoría de la literatura / _cversión española de José Rubio Sáez. |
| 260 |
_aMadrid : _bGredos, _c[1975] |
||
| 300 |
_a370 p. ; _c20 cm. |
||
| 490 | 1 |
_aBiblioteca románica hispánica. II. Estudios y ensayos ; _v235 |
|
| 650 | 4 |
_aSemiótica. _917041 |
|
| 650 | 1 | 4 |
_aEstilística. _912551 |
| 700 | 0 |
_aRubio Sáez, José. _9100443 |
|
| 830 | 0 |
_aBiblioteca románica hispánica. II. Estudios y ensayos ; _v235 _9178108 |
|
| 852 |
_aES-MaACL _jE-9996 _bR.94261 |
||
| 999 |
_c146257 _d146257 |
||